Meurtre dans la cathédrale : (Record n. 14027)
[ formato base ]
| 000 -LEADER | |
|---|---|
| fixed length control field | 00885nam a2200241 i 4500 |
| 003 - CONTROL NUMBER IDENTIFIER | |
| control field | IT-RoINE |
| 005 - DATE AND TIME OF LATEST TRANSACTION | |
| control field | 20201104052023.0 |
| 008 - FIXED-LENGTH DATA ELEMENTS--GENERAL INFORMATION | |
| fixed length control field | 130326s2012 fr |r|||||||0|||fre|d |
| 020 ## - INTERNATIONAL STANDARD BOOK NUMBER | |
| International Standard Book Number | 9782356760289 |
| 040 ## - CATALOGING SOURCE | |
| Original cataloging agency | SpMaBN |
| Transcribing agency | SpMaBN IT-RoINE |
| Modifying agency | IT-RoINE |
| 100 1# - MAIN ENTRY--PERSONAL NAME | |
| Personal name | Guiral-Hadziiossif, Jacqueline |
| 9 (RLIN) | 28379 |
| 245 10 - TITLE STATEMENT | |
| Title | Meurtre dans la cathédrale : |
| Remainder of title | les débuts de l'Inquisition espagnole / |
| Statement of responsibility, etc | Jacqueline Guiral-Hadziiossif. |
| 260 ## - PUBLICATION, DISTRIBUTION, ETC. (IMPRINT) | |
| Place of publication, distribution, etc | Saint-Denis : |
| Name of publisher, distributor, etc | Bouchene, |
| Date of publication, distribution, etc | DL 2012. |
| 300 ## - PHYSICAL DESCRIPTION | |
| Extent | 286 p. ; |
| Dimensions | 24 cm. |
| 336 ## - CONTENT TYPE | |
| Source | rdacontent |
| Content type term | text |
| 337 ## - MEDIA TYPE | |
| Source | rdamedia |
| Media type term | unmediated |
| 338 ## - CARRIER TYPE | |
| Source | rdacarrier |
| Carrier type term | volume |
| 504 ## - BIBLIOGRAPHY, ETC. NOTE | |
| Bibliography, etc | Bibliografía: p. [281]-286. |
| 600 04 - SUBJECT ADDED ENTRY--PERSONAL NAME | |
| Personal name | Pedro de Arbués, |
| Titles and other words associated with a name | Santo, |
| Dates associated with a name | 1441-1485 |
| General subdivision | Asesinato |
| 9 (RLIN) | 28380 |
| 650 #4 - SUBJECT ADDED ENTRY--TOPICAL TERM | |
| 9 (RLIN) | 11223 |
| Topical term or geographic name as entry element | Judíos conversos al cristianismo |
| Geographic subdivision | España |
| General subdivision | Historia |
| 650 #4 - SUBJECT ADDED ENTRY--TOPICAL TERM | |
| 9 (RLIN) | 28381 |
| Topical term or geographic name as entry element | Inquisición |
| Geographic subdivision | Aragón (Reino) |
| General subdivision | Historia |
| 942 ## - ADDED ENTRY ELEMENTS (KOHA) | |
| Item type | Monografías |
| Withdrawn status | Lost status | Damaged status | Not for loan | Home library | Current library | Date acquired | Total Checkouts | Full call number | Barcode | Date last seen | Price effective from | Koha item type |
|---|---|---|---|---|---|---|---|---|---|---|---|---|
| Iglesia Nacional Española en Roma | Iglesia Nacional Española en Roma | 02/12/2016 | HIS.ECL.ESP 701 | 30996 | 02/12/2016 | 02/12/2016 | Monografías |